00322nam a2200133Ia 4500003000400000005001700004008004100021020001900062040001000081100001900091245005700110260001200167260000900179OSt20240521163858.0170524s9999 xx 000 0 und d a978-9352832163 ciimtu aAggarwal R. S. 2aA Modern Approach to Verbal & Non - Verbal Reasoning bS Chand c2011